| 000 | 00857nas a2200289 4500 | ||
|---|---|---|---|
| 001 | BR0802803 | ||
| 003 | BR-BrBNA | ||
| 005 | 20231205112059.0 | ||
| 007 | ta | ||
| 008 | 230509b bl.|||p| |||| 00| 00por d | ||
| 040 |
_aBR-BrBNA _bpor _cBiblioteca Nacional de Agricultura |
||
| 041 | _a(Pt) | ||
| 072 | _aH10; L60 | ||
| 100 | 1 | _aMoura, J.I.L. | |
| 100 | 1 | _aSgrillo, K.R.P.A. | |
| 100 | 1 | _aCazorla, I.M. | |
| 100 | 1 | _aSgrillo, R.B. | |
| 100 | 1 | _aDelabie, J.H.C. | |
| 245 | 1 | _aAvaliação dos danos de Hyalospila ptychis (Dyar)(Lepidoptera: Phycitidae)em coqueiro | |
| 650 | _aPRAGA DE PLANTA | ||
| 650 | _aTRAÇA | ||
| 650 | _aPRODUÇÃO | ||
| 650 | _aCÔCO | ||
| 773 | 0 |
_tNeotropical Entomology (Brazil) _xISSN 1519-566X _g(Jul-Aug 2006), v. 35(4) p. 511-515 _wBR0802803 |
|
| 909 |
_a202311 _bLúcia _c55 _dLúcia Elande |
||
| 942 |
_2AGRIS _n0 _cANA |
||
| 999 |
_c195993 _d195993 |
||